Studies on the ancient Armenian version of Philo's works /

The volume aims to introduce the studies on the Armenian version of Philo's writings, as well as being valuable for scholars who are not Armenologists. This corpus of ancient translations is of great importance to us not only because it has preserved works whose Greek originals have been lost,...

وصف كامل

محفوظ في:

مؤلفون آخرون: Mancini Lombardi, Sara., Pontani, Paola.

التنسيق: كتاب الكتروني

اللغة: English

منشور في: Leiden ; Boston : Brill, 2011.

سلاسل: Studies in Philo of Alexandria 6.
Biblical Studies, Ancient Near East and Early Christianity E-Books Online, Collection 2011, ISBN: 9789004222748.

الموضوعات:

الوصول للمادة أونلاين: Login to view Source

الوسوم: إضافة وسم

لا توجد وسوم, كن أول من يضع وسما على هذه التسجيلة!

رقم الطلب: B689.Z7 S78 2011

LEADER 03335nam a2200457 i 4500
001 BRILL9789004203785
003 nllekb
005 20210602101412.0
006 m d
007 cr un uuuua
008 100921s2011 ne a sb 001 0 eng
010 |a  2010040416 
020 |a 9789004203785  |q (electronic book) 
020 |z 9789004184664  |q (print) 
024 7 |a 10.1163/9789004203785  |2 DOI 
035 |a (OCoLC)666407333  |z (OCoLC)718164170 
040 |a NL-LeKB  |c NL-LeKB  |e rda 
050 4 |a B689.Z7  |b S78 2011 
082 0 4 |a 181/.06  |2 22 
245 0 0 |a Studies on the ancient Armenian version of Philo's works /  |c edited by Sara Mancini Lombardi and Paola Pontani. 
264 1 |a Leiden ;  |a Boston :  |b Brill,  |c 2011. 
300 |a 1 online resource. 
336 |a text  |b txt  |2 rdacontent 
337 |a computer  |b c  |2 rdamedia 
338 |a online resource  |2 rdacarrier 
490 0 |a Brill eBook titles 
490 1 |a Studies in Philo of Alexandria,  |x 1543-995X ;  |v v. 6 
504 |a Includes bibliographical references and indexes. 
505 0 0 |t Front Matter /  |r Sara Mancini Lombardi and Paola Pontani --   |t Introduction /  |r Gabriella Uluhogian --   |t 'Armenian Philo': a Survey of the Literature /  |r Anna Sirinian --   |t Marginal Notes on the Armenian Translation of the Quaestiones et Solutiones in Genesin by Philo /  |r Giancarlo Bolognesi --   |t The Armenian Version of Philo Alexandrinus. Translation Technique, Biblical Citations /  |r Gohar Muradyan --   |t Philo's De Providentia: a Work between Two Traditions /  |r Maurizio Olivieri --   |t Saying (almost) the Same Thing. On Some Relevant Differences between Greek-Language Originals and their Armenian Translations /  |r Paola Pontani --   |t Philo's Stylemes vs Armenian Translation Stylemes /  |r Romano Sgarbi --   |t Philo and the Book of Causes by Grigor Abasean /  |r Manea Erna Shirinian --   |t The 'Armenian Philo': a Remnant of an Unknown Tradition /  |r Olga Vardazaryan --   |t Indexes /  |r Sara Mancini Lombardi and Paola Pontani. 
506 |a Available to subscribing member institutions only. 
520 |a The volume aims to introduce the studies on the Armenian version of Philo's writings, as well as being valuable for scholars who are not Armenologists. This corpus of ancient translations is of great importance to us not only because it has preserved works whose Greek originals have been lost, but it will also be of use for improving our knowledge regarding the reception of Philo's thought. The essays approach the subject from different perspectives - historical, hermeneutical, philological and linguistic - in order to provide an overview on current research issues, giving special attention to the fortune of Philo's works in Armenian Christianity. 
600 0 0 |a Philo,  |c of Alexandria. 
700 1 |a Mancini Lombardi, Sara. 
700 1 |a Pontani, Paola. 
776 0 8 |i Print version:  |t Studies on the Ancient Armenian Version of Philo's Works  |d Leiden, Boston : BRILL, 2011,  |z 9789004184664 
830 0 |a Studies in Philo of Alexandria  |v 6. 
830 0 |a Biblical Studies, Ancient Near East and Early Christianity E-Books Online, Collection 2011, ISBN: 9789004222748. 
856 4 |z DOI:   |u http://dx.doi.org/10.1163/9789004203785 
942 |c EBOOK 
952 |0 0  |1 0  |4 0  |7 1  |9 14343  |a BRILL  |b BRILL  |d 2021-06-02  |l 0  |r 2021-06-02 00:00:00  |w 2021-06-02  |y EBOOK 
999 |c 35793  |d 35793